<?xml version="1.0" encoding="UTF-8"?>
<record
    xmlns:xsi="http://www.w3.org/2001/XMLSchema-instance"
    xsi:schemaLocation="http://www.loc.gov/MARC21/slim http://www.loc.gov/standards/marcxml/schema/MARC21slim.xsd"
    xmlns="http://www.loc.gov/MARC21/slim">

  <leader>00364nam a22001577a 4500</leader>
  <controlfield tag="005">20181006122602.0</controlfield>
  <controlfield tag="008">181006b        xxu||||| |||| 00| 0 eng d</controlfield>
  <datafield tag="020" ind1=" " ind2=" ">
    <subfield code="a">978-81-7164-096-6</subfield>
  </datafield>
  <datafield tag="041" ind1=" " ind2=" ">
    <subfield code="a">eng</subfield>
  </datafield>
  <datafield tag="100" ind1=" " ind2=" ">
    <subfield code="a">ICAR</subfield>
    <subfield code="9">4882</subfield>
  </datafield>
  <datafield tag="245" ind1=" " ind2=" ">
    <subfield code="a">Handbook of Agriculture</subfield>
  </datafield>
  <datafield tag="260" ind1=" " ind2=" ">
    <subfield code="a">Delhi</subfield>
    <subfield code="b">ICAR</subfield>
    <subfield code="c">2017</subfield>
  </datafield>
  <datafield tag="300" ind1=" " ind2=" ">
    <subfield code="a">1617</subfield>
  </datafield>
  <datafield tag="650" ind1=" " ind2=" ">
    <subfield code="a">Agriculture</subfield>
    <subfield code="9">2837</subfield>
  </datafield>
  <datafield tag="942" ind1=" " ind2=" ">
    <subfield code="c">BK</subfield>
  </datafield>
  <datafield tag="999" ind1=" " ind2=" ">
    <subfield code="c">5751</subfield>
    <subfield code="d">5749</subfield>
  </datafield>
  <datafield tag="952" ind1=" " ind2=" ">
    <subfield code="0">0</subfield>
    <subfield code="1">0</subfield>
    <subfield code="4">0</subfield>
    <subfield code="7">0</subfield>
    <subfield code="8">REF</subfield>
    <subfield code="a">JRU</subfield>
    <subfield code="b">JRU</subfield>
    <subfield code="c">SHELF-2-E</subfield>
    <subfield code="d">2018-10-06</subfield>
    <subfield code="e">Purchase</subfield>
    <subfield code="g">1500.00</subfield>
    <subfield code="l">0</subfield>
    <subfield code="o">630</subfield>
    <subfield code="p">22475</subfield>
    <subfield code="r">2018-10-06 00:00:00</subfield>
    <subfield code="w">2018-10-06</subfield>
    <subfield code="y">BK</subfield>
  </datafield>
  <datafield tag="952" ind1=" " ind2=" ">
    <subfield code="0">0</subfield>
    <subfield code="1">0</subfield>
    <subfield code="4">0</subfield>
    <subfield code="7">0</subfield>
    <subfield code="8">AGRICULTURE</subfield>
    <subfield code="a">JRU</subfield>
    <subfield code="b">JRU</subfield>
    <subfield code="c">SHELF-43-A</subfield>
    <subfield code="d">2018-10-06</subfield>
    <subfield code="e">Purchase</subfield>
    <subfield code="g">1500.00</subfield>
    <subfield code="l">1</subfield>
    <subfield code="p">22476</subfield>
    <subfield code="r">2022-12-15 00:00:00</subfield>
    <subfield code="s">2022-12-15</subfield>
    <subfield code="w">2018-10-06</subfield>
    <subfield code="y">BK</subfield>
  </datafield>
  <datafield tag="952" ind1=" " ind2=" ">
    <subfield code="0">0</subfield>
    <subfield code="1">0</subfield>
    <subfield code="4">0</subfield>
    <subfield code="7">0</subfield>
    <subfield code="8">AGRICULTURE</subfield>
    <subfield code="a">JRU</subfield>
    <subfield code="b">JRU</subfield>
    <subfield code="c">SHELF-43-A</subfield>
    <subfield code="d">2018-10-06</subfield>
    <subfield code="e">Purchase</subfield>
    <subfield code="g">1500.00</subfield>
    <subfield code="l">1</subfield>
    <subfield code="p">22477</subfield>
    <subfield code="r">2018-11-27 00:00:00</subfield>
    <subfield code="s">2018-11-19</subfield>
    <subfield code="w">2018-10-06</subfield>
    <subfield code="y">BK</subfield>
  </datafield>
  <datafield tag="952" ind1=" " ind2=" ">
    <subfield code="0">0</subfield>
    <subfield code="1">0</subfield>
    <subfield code="4">0</subfield>
    <subfield code="7">0</subfield>
    <subfield code="8">AGRICULTURE</subfield>
    <subfield code="a">JRU</subfield>
    <subfield code="b">JRU</subfield>
    <subfield code="c">SHELF-43-A</subfield>
    <subfield code="d">2018-10-06</subfield>
    <subfield code="e">Purchase</subfield>
    <subfield code="g">1500.00</subfield>
    <subfield code="l">0</subfield>
    <subfield code="p">22478</subfield>
    <subfield code="r">2018-10-06 00:00:00</subfield>
    <subfield code="w">2018-10-06</subfield>
    <subfield code="y">BK</subfield>
  </datafield>
  <datafield tag="952" ind1=" " ind2=" ">
    <subfield code="0">0</subfield>
    <subfield code="1">0</subfield>
    <subfield code="4">0</subfield>
    <subfield code="7">0</subfield>
    <subfield code="8">AGRICULTURE</subfield>
    <subfield code="a">JRU</subfield>
    <subfield code="b">JRU</subfield>
    <subfield code="c">SHELF-5-D</subfield>
    <subfield code="d">2018-10-06</subfield>
    <subfield code="e">Purchase</subfield>
    <subfield code="g">1500.00</subfield>
    <subfield code="l">1</subfield>
    <subfield code="p">22479</subfield>
    <subfield code="r">2018-11-02 00:00:00</subfield>
    <subfield code="s">2018-10-26</subfield>
    <subfield code="w">2018-10-06</subfield>
    <subfield code="y">BK</subfield>
  </datafield>
  <datafield tag="952" ind1=" " ind2=" ">
    <subfield code="0">0</subfield>
    <subfield code="1">0</subfield>
    <subfield code="4">0</subfield>
    <subfield code="7">0</subfield>
    <subfield code="8">AGRICULTURE</subfield>
    <subfield code="a">JRU</subfield>
    <subfield code="b">JRU</subfield>
    <subfield code="c">SHELF-43-A</subfield>
    <subfield code="d">2018-10-06</subfield>
    <subfield code="e">Purchase</subfield>
    <subfield code="g">1500.00</subfield>
    <subfield code="l">3</subfield>
    <subfield code="p">22480</subfield>
    <subfield code="r">2019-10-18 00:00:00</subfield>
    <subfield code="s">2019-10-04</subfield>
    <subfield code="w">2018-10-06</subfield>
    <subfield code="y">BK</subfield>
  </datafield>
</record>
